Introduction to business management (Record no. 5357)

MARC details
000 -LEADER
fixed length control field 00507cam a2200193ua 4500
001 - CONTROL NUMBER
control field 6210
005 - DATE AND TIME OF LATEST TRANSACTION
control field 20260515114019.0
008 - FIXED-LENGTH DATA ELEMENTS--GENERAL INFORMATION
fixed length control field 131125n ii |||gr||||Z||||||eng
040 ## - CATALOGING SOURCE
Transcribing agency MAIN
082 ## - DEWEY DECIMAL CLASSIFICATION NUMBER
Classification number 658
245 ## - TITLE STATEMENT
Title Introduction to business management
Statement of responsibility, etc. By Badal Kumar Sen
250 ## - EDITION STATEMENT
Edition statement 1st ed.
260 ## - PUBLICATION, DISTRIBUTION, ETC.
Place of publication, distribution, etc. Dibrugarh:
Name of publisher, distributor, etc. Bani Mandir,
Date of publication, distribution, etc. 1986.
300 ## - PHYSICAL DESCRIPTION
Extent x,119p.
653 ## - INDEX TERM--UNCONTROLLED
Uncontrolled term General management
653 ## - INDEX TERM--UNCONTROLLED
Uncontrolled term Introduction to business management
700 ## - ADDED ENTRY--PERSONAL NAME
Personal name Sen,Badal Kumar,
Relator term Author.
942 ## - ADDED ENTRY ELEMENTS (KOHA)
Koha item type Books
Holdings
Withdrawn status Lost status Damaged status Not for loan Home library Current library Shelving location Date acquired Total checkouts Full call number Barcode Date last seen Copy number Price effective from Koha item type
        Naharkatiya College Library Naharkatiya College Library General stacks 09/19/2020   658 | SEN 13272 09/19/2020 1 09/19/2020 Books
        Naharkatiya College Library Naharkatiya College Library General stacks 09/19/2020   658 | SEN 13273 09/19/2020 2 09/19/2020 Books